|
|
|
|
| LEADER |
01436nam a2200277 a 4500 |
| 001 |
4945416 |
| 008 |
090601s1997 nyua b 001 0 eng d |
| 010 |
|
|
|a 96035572
|
| 020 |
|
|
|a 0471148458 (paper : alk. paper)
|
| 040 |
|
|
|a DLC
|c DLC
|d DLC
|
| 082 |
0 |
0 |
|a 658/.041
|2 20
|
| 100 |
1 |
|
|a Peterson, C. D.
|q (Carl D.)
|
| 245 |
1 |
0 |
|a On your own :
|b discovering your new life and career beyond the corporation /
|c C.D. Peterson.
|
| 260 |
|
|
|a New York :
|b Wiley,
|c c1997.
|
| 300 |
|
|
|a xiii, 303 p. :
|b ill. ;
|c 23 cm.
|
| 504 |
|
|
|a Includes bibliographical references and index.
|
| 541 |
1 |
|
|e 00007997
|
| 650 |
|
0 |
|a New business enterprises
|x Management.
|
| 650 |
|
0 |
|a Small business
|x Management.
|
| 650 |
|
0 |
|a Self-employed.
|
| 852 |
4 |
|
|a Ayesha Abed Library
|j General Shelf.
|
| 999 |
|
|
|c 7990
|d 7990
|
| 952 |
|
|
|0 0
|1 0
|2 ddc
|4 0
|6 658_041000000000000_PET_1997
|7 0
|9 9036
|a BRACUL
|b BRACUL
|c GEN
|d 2010-04-07
|l 4
|m 13
|o 658.041 PET
|p 3010007997
|r 2022-10-17
|s 2022-10-10
|t 1
|w 2010-04-07
|y BK
|
| 952 |
|
|
|0 0
|1 0
|2 ddc
|4 0
|6 658_041000000000000_PET_1997
|7 0
|9 9037
|a BRACUL
|b BRACUL
|c GEN
|d 2010-04-07
|l 1
|o 658.041 PET
|p 3010007996
|r 2014-10-01
|s 2014-09-25
|t 2
|w 2010-04-07
|y BK
|
| 952 |
|
|
|0 0
|1 0
|2 ddc
|4 0
|6 658_041000000000000_PET
|7 0
|9 43236
|a SCL
|b SCL
|c GEN
|d 2000-12-09
|l 1
|m 3
|o 658.041 PET
|p 3020002937
|r 2023-10-31
|s 2023-10-11
|t 3
|w 2014-07-17
|y BK
|
| 952 |
|
|
|0 0
|1 0
|2 ddc
|4 0
|6 658_041000000000000_PET
|7 0
|9 43316
|a SCL
|b SCL
|c GEN
|d 2000-12-09
|l 0
|o 658.041 PET
|p 3020002964
|r 2014-07-20
|t 4
|w 2014-07-20
|y BK
|